|
|
|
|
| LEADER |
00000nam a2200000 a 4500 |
| 001 |
vtls008981548 |
| 003 |
SK-MaSNL |
| 005 |
20260301080950.0 |
| 007 |
co cgu auuua |
| 008 |
240314s2006 xo fsp 000 0 slo |
| 015 |
|
|
|a SNBS2007
|
| 020 |
|
|
|a 808083248X
|
| 040 |
|
|
|a SNK
|b slo
|c SNK
|e AACR2
|
| 041 |
0 |
|
|a slo
|
| 044 |
|
|
|a xo
|c SK
|
| 072 |
|
7 |
|a 339.5
|x Zahraničný obchod. Medzinárodný obchod
|2 konspekt
|
| 072 |
|
7 |
|a 378
|x Vysoké školy
|2 konspekt
|
| 080 |
|
|
|a 334.012.63/.64
|2 2001
|
| 080 |
|
|
|a 339.5
|2 2001
|
| 080 |
|
|
|a 339.54/.56
|2 2001
|
| 080 |
|
|
|a 37.018.43
|2 2001
|
| 080 |
|
|
|a (07)
|2 2001
|
| 080 |
|
|
|a (0.034.44)
|2 2001
|
| 100 |
1 |
|
|a Mojžitová, Silvia
|4 aut
|9 403502
|
| 245 |
1 |
0 |
|a Zahranično-obchodné operácie v malých a stredných podnikoch
|h elektronický zdroj
|b (učebný text - dištančné vzdelávanie)
|c Silvia Mojžitová
|
| 250 |
|
|
|a 1. vyd.
|
| 256 |
|
|
|a Textové dáta
|
| 260 |
|
|
|a Banská Bystrica
|b Univerzita Mateja Bela
|c 2006
|
| 300 |
|
|
|a 1 elektronický optický disk (CD-ROM)
|c 12 cm
|
| 500 |
|
|
|a Názov z obalu
|
| 516 |
|
|
|a Text (učebnica)
|
| 650 |
0 |
7 |
|a malé podniky
|2 SNKPH
|9 2191
|
| 650 |
0 |
7 |
|a stredné podniky
|2 SNKPH
|9 2193
|
| 650 |
0 |
7 |
|a zahraničný obchod
|2 SNKPH
|9 2200
|
| 650 |
0 |
7 |
|a obchodné operácie
|2 SNKPH
|9 2203
|
| 650 |
0 |
7 |
|a dištančné vzdelávanie
|2 SNKPH
|9 4329
|
| 655 |
|
7 |
|a učebné texty
|2 SNKPH
|9 70568
|
| 655 |
|
7 |
|a CD-ROM
|2 SNKPH
|9 70236
|
| 710 |
2 |
|
|a Ekonómia (občianske združenie)
|4 pbl
|9 36297
|
| 919 |
|
|
|a 80-8083-248-X
|
| 999 |
|
|
|c 654608
|d 656538
|
| 952 |
|
|
|a SNK
|b SNK
|y PREZ
|7 0
|p 17A0547749
|o snkSCDM 1335
|i snk2007/10301
|8 0
|0 0
|1 0
|4 0
|d 2007-04-17
|l 0
|r 2026-02-23 18:33:23
|w 2026-02-23
|
| 952 |
|
|
|t snkZAH 339.5
|a SNKMST
|b SNKMST
|y PREZ
|7 0
|p 17A0547746
|o snkSCDM 1335 D1
|i snk2007/10302
|8 0
|0 0
|1 0
|4 0
|d 2007-04-17
|l 0
|r 2025-08-13 00:00:00
|w 2026-02-23
|